Every 100,000+ City in Sierra Leone in Order - Statistics

General Stats
  • This quiz has been taken 17 times
    7 since last reset
  • The average score is 3 of 6
Answer Stats
Letter Population City % Correct
F 1,572,357 Freetown
100%
B 309,871 Bo
50%
K 273,843 Kenema
50%
K 141,722 Koidu
25%
M 103,298 Makeni
25%
W 194,549 Waterloo
25%
No matching quizzes found
Score Distribution
Percent of People with Each Score
Percentile by Number Answered
Your Score History
You have not taken this quiz since the last reset